[Event "LJEM M-V 2025 u14"]
[Site "Malchow"]
[Date "2025.02.03"]
[Round "4.7"]
[White "Lott, Konstantin"]
[Black "Feist, Jonas"]
[Result "0-1"]
[WhiteElo "1036"]
[BlackElo "921"]
[Time "08:30:00"]
[WhiteTeam "Think Rochade - SC HRO"]
[BlackTeam "SAV Torgelow-Drögeheide 90"]

1.e4 c6 2.Nf3 d5 3.exd5 cxd5 4.d4 Nc6 5.Nc3 Bg4 6.h3 Bxf3 7.Qxf3 Nf6 8.Bb5
e6 9.Bg5 Be7 10.O-O O-O 11.Bd3 Nxd4 12.Qf4 Nc6 13.Qh4 h6 14.Bd2 Ne4 15.Qg4
Nxd2 16.Rfd1 Bg5 17.f4 Bf6 18.Rxd2 Qb6+ 19.Kh2 Qxb2 20.Nxd5 Qxa1 21.Rd1 
Qb2 22.c3 Bxc3 23.Nxc3 Qxc3 24.Qf3 Qb2 25.a3 g6 26.Qg3 Ne7 27.Rb1 Qxa3 28.
Rxb7 Rfe8 29.Qf3 Rad8 30.Bb5 Qa2 31.Bxe8 Rxe8 32.Qc3 Nd5 33.Qg3 Ra8 34.h4 
Kh8 35.Rxf7 Rg8 36.f5 Qb2 37.fxg6 Rg7 38.Rf8+ Rg8 39.Rf7 Rc8 40.Qf3 Qe5+ 
41.Kh3 Rc3 0-1

[Event "LJEM M-V 2025 u14"]
[Site "Malchow"]
[Date "2025.02.03"]
[Round "4.8"]
[White "Meyer, Markus"]
[Black "Lange, Friedrich"]
[Result "1-0"]
[WhiteElo "1011"]
[BlackElo "900"]
[Time "08:30:00"]
[WhiteTeam "Think Rochade - SC HRO"]
[BlackTeam "TSG Neustrelitz"]

1.e4 e5 2.Nf3 Nc6 3.Bc4 Nf6 4.d3 Bc5 5.Bg5 O-O 6.Nc3 h6 7.Bh4 d6 8.Nd5 g5 
9.Nxg5 hxg5 10.Bxg5 Bg4 11.f3 Be6 12.Bxf6 Qd7 13.Bh4 Kh8 14.Nf6 Qc8 15.f4 
Kg7 16.Qh5 Rh8 17.Qg5+ Kf8 18.Bxe6 Qxe6 19.f5 Qc8 20.Nh5 Rg8 21.Qh6+ Ke8 
22.Nf6+ Ke7 23.Nxg8+ Kd7 24.Nf6+ Ke7 25.Qh5 Nb4 26.Nd5+ Ke8 27.Qh8+ Kd7 
28.Qxc8+ Rxc8 29.Nxb4 Bxb4+ 30.c3 Bc5 31.b4 Be3 32.Ke2 Bf4 33.g4 Rg8 34.
Rhg1 Bxh2 35.Rg2 Bf4 36.g5 Rh8 37.Rf1 Ke7 38.g6+ Kf8 39.g7+ Kg8 40.gxh8=Q+
Kxh8 41.Bf6+ 1-0

[Event "LJEM M-V 2025 u14"]
[Site "Malchow"]
[Date "2025.02.03"]
[Round "4.9"]
[White "Vuong, Qui Long"]
[Black "Günther, Toni"]
[Result "0-1"]
[WhiteElo "916"]
[BlackElo "975"]
[Time "08:30:00"]
[WhiteTeam "TSG Neustrelitz"]
[BlackTeam "SAV Torgelow-Drögeheide 90"]

1.e4 e6 2.d4 d5 3.f3 Nf6 4.Bg5 Be7 5.Nc3 c6 6.Qd2 Nbd7 7.a3 dxe4 8.Bxf6 
Bxf6 9.fxe4 Nb6 10.O-O-O Bg5 11.Nf3 Bxd2+ 12.Rxd2 O-O 13.Be2 Qf6 14.Rhd1 
Qf4 15.g3 Qf6 16.Kb1 Qe7 17.d5 exd5 18.exd5 cxd5 19.Bb5 Bd7 20.Bxd7 Qxd7 
21.Nxd5 Nxd5 22.Rxd5 Qg4 23.Nh4 Qe2 24.R1d2 Qe1+ 25.Ka2 Qe6 26.Kb1 Qb6 27.
Rg5 Rad8 28.Re2 Qc6 29.Nf5 Rd1+ 30.Ka2 Qc4+ 0-1

[Event "LJEM M-V 2025 u14"]
[Site "Malchow"]
[Date "2025.02.04"]
[Round "5.1"]
[White "Vakeel, Eshwar"]
[Black "Briese, Sophie"]
[Result "1-0"]
[WhiteElo "1659"]
[BlackElo "1516"]
[Time "08:30:00"]
[WhiteTeam "Think Rochade - SC HRO"]
[BlackTeam "SAV Torgelow-Drögeheide 90"]

1.d4 d5 2.c4 e6 3.Nc3 Nf6 4.cxd5 Nxd5 5.e4 Nf6 6.Nf3 Nc6 7.Bg5 h6 8.Bh4 
Be7 9.a3 a6 10.Bc4 b5 11.Ba2 Bb7 12.d5 exd5 13.exd5 Na7 14.Qb3 O-O 15.O-O 
c6 16.dxc6 Nxc6 17.Rad1 Qc8 18.Bxf6 Bxf6 19.Nd5 Bd8 20.Rfe1 Na5 21.Qd3 
Bxd5 22.Bxd5 Rb8 23.Ne5 Bf6 24.b4 Bxe5 25.Rxe5 Nc4 26.Bxc4 Qxc4 27.Qxc4 
bxc4 28.Rc1 Rbc8 29.Rd5 Rfd8 30.Rxc4 Rxc4 31.Rxd8+ Kh7 32.g3 Rc3 33.a4 Ra3
34.a5 Rb3 35.Rb8 g6 36.Rb6 Kg7 37.Kf1 Kf8 38.Ke2 Ke7 39.Kd2 Rb2+ 40.Kc3 
Rxf2 41.Rxa6 Rf3+ 42.Kc4 Rf5 43.Rc6 Kd7 44.Rc5 Rf6 45.Kb5 Re6 46.a6 Re8 
47.a7 Ra8 48.Kb6 1-0

[Event "LJEM M-V 2025 u14"]
[Site "Malchow"]
[Date "2025.02.04"]
[Round "5.2"]
[White "Schröder, Hannes Artur"]
[Black "Wilke, Ronja"]
[Result "1-0"]
[WhiteElo "1612"]
[BlackElo "1571"]
[Time "08:30:00"]
[WhiteTeam "SG Eintracht Neubrandenburg"]
[BlackTeam "SAV Torgelow-Drögeheide 90"]

1.e4 c6 2.d4 d5 3.exd5 cxd5 4.c3 Nc6 5.Bd3 Qc7 6.Bg5 e6 7.Nf3 Bd6 8.Bh4 
Nge7 9.Bg3 e5 10.dxe5 Nxe5 11.Nxe5 Bxe5 12.Bxe5 Qxe5+ 13.Qe2 Qg5 14.O-O 
O-O 15.Na3 Bg4 16.f3 Bf5 17.Rad1 Ng6 18.Bxf5 Qxf5 19.Qd3 Ne7 20.Rfe1 Qxd3 
21.Rxd3 Rfe8 22.Nb5 Nc6 23.Rxe8+ Rxe8 24.Rxd5 a6 25.Nd4 Rd8 26.Nxc6 1-0

[Event "LJEM M-V 2025 u14"]
[Site "Malchow"]
[Date "2025.02.04"]
[Round "5.3"]
[White "Jakobi, Paul Leonhard"]
[Black "Isaiev, Andrii"]
[Result "1-0"]
[WhiteElo "1230"]
[BlackElo "1067"]
[Time "08:30:00"]
[WhiteTeam "SF Schwerin"]
[BlackTeam "TuS Makkabi Rostock"]

1.e4 c5 2.c3 e6 3.d4 cxd4 4.cxd4 Ne7 5.Nc3 g6 6.Nf3 Bg7 7.Bb5 Nbc6 8.Bf4 
O-O 9.O-O a6 10.Ba4 b5 11.Bb3 Bb7 12.Re1 f5 13.e5 Nb4 14.Bg5 h6 15.Bxe7 
Qxe7 16.a3 Nc6 17.Qd2 Na5 18.Ba2 Nc4 19.Bxc4 bxc4 20.Qe2 Rfc8 21.Rac1 h5 
22.Na4 Bxf3 23.Qxf3 Rc6 24.Qe2 Rac8 25.Nc3 Bh6 26.Rc2 d5 27.exd6 Qxd6 28.
Rd1 Re8 29.Na4 Rec8 30.Nc3 Re8 31.Nb1 Qd5 32.g3 Kf7 33.f4 g5 34.Qxh5+ Kg7 
35.Qxe8 1-0

[Event "LJEM M-V 2025 u14"]
[Site "Malchow"]
[Date "2025.02.04"]
[Round "5.4"]
[White "Lipkowski, Calvin"]
[Black "Gavrylyuk, Oleksandr"]
[Result "0-1"]
[WhiteElo "927"]
[BlackElo "1634"]
[Time "08:30:00"]
[WhiteTeam "SAV Torgelow-Drögeheide 90"]
[BlackTeam "TuS Makkabi Rostock"]

1.e4 c5 2.d4 cxd4 3.Qxd4 Nc6 4.Qd1 Nf6 5.Nc3 d6 6.Bb5 Bd7 7.Bxc6 Bxc6 8.
Nf3 Nxe4 9.Nxe4 Bxe4 10.O-O e6 11.Re1 Bc6 12.Be3 Be7 13.Qd2 Bf6 14.Bg5 O-O
15.Bxf6 Qxf6 16.Qxd6 Bxf3 17.gxf3 Qxf3 18.Re3 Qf6 19.Qb4 b6 20.c3 Rfd8 21.
Qa4 Rd2 22.Qc6 Qxf2+ 23.Kh1 Qxh2# 0-1

[Event "LJEM M-V 2025 u14"]
[Site "Malchow"]
[Date "2025.02.04"]
[Round "5.5"]
[White "Günther, Toni"]
[Black "Subocz, Barbara"]
[Result "0-1"]
[WhiteElo "975"]
[BlackElo "1581"]
[Time "08:30:00"]
[WhiteTeam "SAV Torgelow-Drögeheide 90"]
[BlackTeam "SAV Torgelow-Drögeheide 90"]

1.e4 c5 2.c3 d5 3.exd5 Qxd5 4.Nf3 Nc6 5.Bb5 a6 6.Bxc6+ Qxc6 7.O-O Nf6 8.d4
e6 9.Ne5 Qc7 10.Be3 Bd6 11.f4 O-O 12.Nd2 Nd7 13.Nxd7 Bxd7 14.Nc4 Bb5 15.
Qb3 cxd4 16.Nxd6 Qxd6 17.Bxd4 Bxf1 18.Rxf1 b5 19.Qd1 Rad8 20.Qg4 f6 21.h4 
b4 22.h5 h6 23.Qh4 bxc3 24.bxc3 e5 25.fxe5 fxe5 26.Rxf8+ Rxf8 27.Bf2 Qd3 
28.Kh2 Qxc3 29.Bg1 Qc1 30.Qg4 Qf4+ 31.Qg3 Rf5 32.Qxf4 exf4 33.Kh3 Rxh5+ 
34.Kg4 Rh1 35.Bf2 g5 36.a3 Rh2 37.Kf3 g4+ 38.Kxg4 Rxg2+ 39.Kf3 Rh2 40.Bg1 
Rh3+ 41.Kxf4 Rxa3 42.Ke4 Kf7 43.Kd4 Ke6 44.Kc4 h5 45.Bf2 Ra4+ 46.Kb3 Rg4 
47.Kc3 h4 48.Ba7 h3 49.Bb8 Rh4 50.Bg3 h2 51.Bxh4 h1=Q 52.Bg5 Qc6+ 0-1

[Event "LJEM M-V 2025 u14"]
[Site "Malchow"]
[Date "2025.02.04"]
[Round "5.6"]
[White "Duong, Hai Dang"]
[Black "Meyer, Markus"]
[Result "0-1"]
[WhiteElo "1058"]
[BlackElo "1011"]
[Time "08:30:00"]
[WhiteTeam "SG Eintracht Neubrandenburg"]
[BlackTeam "Think Rochade - SC HRO"]

1.e4 e5 2.Nf3 Nc6 3.Bc4 Bc5 4.O-O d6 5.h3 f5 6.d3 f4 7.c3 Nf6 8.Re1 Qd7 9.
d4 Bb6 10.dxe5 Nxe5 11.Bb3 h6 12.Bxf4 Qe7 13.Nxe5 dxe5 14.Be3 Bxe3 15.Rxe3
Bd7 16.Ba4 O-O-O 17.Bxd7+ Rxd7 18.Qa4 Rhd8 19.Na3 a6 20.Nc4 Kb8 21.Qb3 b5 
22.Na5 Qc5 23.Ree1 Qb6 24.Qa3 Rd2 25.Qa4 Qxf2+ 26.Kh1 Qxg2# 0-1

[Event "LJEM M-V 2025 u14"]
[Site "Malchow"]
[Date "2025.02.04"]
[Round "5.7"]
[White "Feist, Jonas"]
[Black "Hampe, Adrian"]
[Result "1-0"]
[WhiteElo "921"]
[BlackElo "882"]
[Time "08:30:00"]
[WhiteTeam "SAV Torgelow-Drögeheide 90"]
[BlackTeam "Putlitzer SV 1921"]

1.e4 c6 2.d4 d5 3.exd5 cxd5 4.Bd3 g6 5.Nf3 Bg7 6.O-O Nf6 7.Bg5 e6 8.Nc3 
O-O 9.Qd2 b6 10.Rfe1 Ba6 11.Bxa6 Nxa6 12.Bh6 Nc7 13.Rad1 Qd6 14.Bxg7 Kxg7 
15.Qd3 Qb4 16.b3 a6 17.Ne2 b5 18.Qe3 Qa3 19.Ra1 Qd6 20.Qg5 Ne4 21.Qg4 Nf6 
22.Qg5 Qc6 23.Rac1 b4 24.Ng3 h6 25.Qd2 a5 26.h3 Ne4 27.Nxe4 dxe4 28.Ne5 
Qd5 29.Ng4 Qg5 30.f4 exf3 31.Qxg5 hxg5 32.gxf3 f5 33.Ne5 Rfd8 34.c3 bxc3 
35.Rxc3 Nb5 36.Rc5 Nxd4 37.Rc7+ Kh6 38.Kg2 Kh5 39.Rh7# 1-0

[Event "LJEM M-V 2025 u14"]
[Site "Malchow"]
[Date "2025.02.04"]
[Round "5.8"]
[White "Blödorn, Ben"]
[Black "Lott, Konstantin"]
[Result "1/2-1/2"]
[WhiteElo "849"]
[BlackElo "1036"]
[Time "08:30:00"]
[WhiteTeam "SV Empor Kühlungsborn"]
[BlackTeam "Think Rochade - SC HRO"]

1.e4 e5 2.Nc3 Bc5 3.Bc4 d6 4.d3 Nc6 5.Nf3 Bg4 6.h3 Bh5 7.Be3 Bb6 8.O-O Nf6
9.Bg5 Nd4 10.g4 Bg6 11.Nd5 Ne6 12.a4 Nxg5 13.Nxg5 Nxd5 14.Nxf7 Bxf7 15.
Bxd5 Bxd5 16.exd5 Rf8 17.c3 Qh4 18.d4 a6 19.a5 Ba7 20.Qa4+ b5 21.axb6+ Ke7
22.bxa7 Rxa7 23.dxe5 dxe5 24.Qb4+ Ke8 25.Qb8+ Kf7 26.Qxa7 Qxh3 27.Qxc7+ 
Kg8 28.Qxe5 Qxg4+ 29.Qg3 Qd7 30.d6 Rf6 31.Rxa6 Rg6 32.Ra8+ Kf7 33.Qxg6+ 
Kxg6 34.Rfa1 Qg4+ 35.Kf1 Qc4+ 36.Ke1 Qe6+ 37.Kf1 Qc4+ 38.Ke1 Qe6+ 39.Kd2 
Qxd6+ 40.Kc2 Qf4 41.Rg1+ Kf7 42.Ra7+ Kf6 43.Raxg7 Qe4+ 44.Kc1 Qf4+ 45.Kd1 
Qf3+ 46.Ke1 Qe4+ 1/2-1/2

[Event "LJEM M-V 2025 u14"]
[Site "Malchow"]
[Date "2025.02.04"]
[Round "5.9"]
[White "Lange, Friedrich"]
[Black "Zielke, Finn"]
[Result "1-0"]
[WhiteElo "900"]
[BlackElo "769"]
[Time "08:30:00"]
[WhiteTeam "TSG Neustrelitz"]
[BlackTeam "SC Mecklenburger Springer"]

1.d4 d5 2.Bf4 e6 3.Nc3 c5 4.Nb5 Na6 5.Nf3 f6 6.dxc5 Bxc5 7.e4 Ne7 8.exd5 
exd5 9.c4 Bb4+ 10.Bd2 Bc5 11.cxd5 Qxd5 12.Qa4 Bd7 13.O-O-O Rc8 14.Bc4 Qf5 
15.Be3 Bc6 16.Bxc5 Qxc5 17.Nfd4 Qg5+ 18.Rd2 Qxg2 19.Rhd1 Qxh2 20.Nxc6 Nxc6
21.Nd6+ Kd7 22.Nxc8+ Kxc8 23.Bxa6 bxa6 24.Qxa6+ Kb8 25.Qxc6 Rc8 26.Rd8 Qc7
27.Qxc7+ Kxc7 28.R8d7+ Kb8+ 29.Kb1 Rc7 30.Rxc7 Kxc7 31.Re1 Kb8 32.Re7 g5 
33.Rxh7 f5 34.Rh5 g4 1-0

[Event "LJEM M-V 2025 u14"]
[Site "Malchow"]
[Date "2025.02.04"]
[Round "6.1"]
[White "Schröder, Hannes Artur"]
[Black "Vakeel, Eshwar"]
[Result "1-0"]
[WhiteElo "1612"]
[BlackElo "1659"]
[Time "14:30:00"]
[WhiteTeam "SG Eintracht Neubrandenburg"]
[BlackTeam "Think Rochade - SC HRO"]

1.e4 c6 2.d4 d5 3.exd5 cxd5 4.c3 Nc6 5.Bd3 Nf6 6.Bf4 Bg4 7.Nf3 e6 8.Nbd2 
Bd6 9.Bxd6 Qxd6 10.O-O O-O 11.Qb3 Rab8 12.Rfe1 Rfe8 13.Ne5 Bf5 14.Bxf5 
exf5 15.Nd3 Ne4 16.Qd1 b6 17.Rb1 Rbc8 18.f3 Nf6 19.Nb3 Kf8 20.Qd2 Kg8 21.
Rxe8+ Rxe8 22.Re1 Rxe1+ 23.Qxe1 g6 24.Ne5 Nxe5 25.dxe5 Qe7 26.Nd4 Nd7 27.
f4 Nc5 28.Qe2 Qd7 29.Qb5 Qxb5 30.Nxb5 Nd3 31.g3 Nxb2 32.Nxa7 Na4 33.Nb5 
Kf8 34.Kf2 Ke7 35.Ke3 f6 36.Kd4 fxe5+ 37.Kxe5 Nb2 38.Kxd5 Nd1 39.Kc6 Ne3 
40.Kxb6 Kd8 41.a4 1-0

[Event "LJEM M-V 2025 u14"]
[Site "Malchow"]
[Date "2025.02.04"]
[Round "6.2"]
[White "Gavrylyuk, Oleksandr"]
[Black "Jakobi, Paul Leonhard"]
[Result "1-0"]
[WhiteElo "1634"]
[BlackElo "1230"]
[Time "14:30:00"]
[WhiteTeam "TuS Makkabi Rostock"]
[BlackTeam "SF Schwerin"]

1.e4 e5 2.Nf3 Nc6 3.Bb5 a6 4.Ba4 Nf6 5.O-O Bc5 6.c3 O-O 7.Bc2 d6 8.h3 Re8 
9.Re1 Ne7 10.d4 exd4 11.cxd4 Ba7 12.Nbd2 Ng6 13.Nf1 c6 14.b3 d5 15.e5 Nd7 
16.b4 Ndf8 17.Ng3 Ne6 18.Nf5 Ne7 19.Nxe7+ Rxe7 20.Qd3 g6 21.Be3 Qc7 22.Nh2
Ng7 23.g4 Bd7 24.Rac1 Qb6 25.a3 Ree8 26.f4 Qb5 27.Nf3 Qxd3 28.Bxd3 Bb6 29.
Rb1 Ra7 30.a4 Bc7 31.Rec1 Bd8 32.Kg2 Kf8 33.Bf2 Kg8 34.Bh4 Bxh4 35.Nxh4 
Ne6 36.Kf3 Nxd4+ 37.Ke3 Ne6 38.Nf3 Ng7 39.Rc2 h5 40.Nh2 Rea8 41.Rcb2 b5 
42.a5 Re8 43.Rc1 Raa8 44.Rg2 Kh7 45.Nf3 Rac8 46.Kf2 Ne6 47.Ke3 c5 48.bxc5 
Nxc5 49.Rcg1 hxg4 50.hxg4 Kg7 51.f5 Bc6 52.f6+ Kg8 53.Nd4 Rxe5+ 54.Kd2 Kf8
55.Rh2 Ke8 56.Rh8+ Kd7 57.Rxc8 Kxc8 58.Nxc6 Re6 59.Ne7+ Kd7 60.g5 Nb3+ 61.
Kc3 Nxa5 62.Nxd5 Kc6 63.Bxg6 fxg6 64.f7 Nb7 65.Nb4+ Kb6 66.f8=Q Re3+ 67.
Kd2 Re4 68.Qf6+ Ka5 69.Ra1+ Kxb4 70.Qc3# 1-0

[Event "LJEM M-V 2025 u14"]
[Site "Malchow"]
[Date "2025.02.04"]
[Round "6.3"]
[White "Briese, Sophie"]
[Black "Subocz, Barbara"]
[Result "1/2-1/2"]
[WhiteElo "1516"]
[BlackElo "1581"]
[Time "14:30:00"]
[WhiteTeam "SAV Torgelow-Drögeheide 90"]
[BlackTeam "SAV Torgelow-Drögeheide 90"]

1.e4 c5 2.Nf3 d6 3.d4 cxd4 4.Nxd4 Nf6 5.Nc3 g6 6.Be3 Bg7 7.Bc4 O-O 8.O-O 
Nc6 9.h3 Bd7 10.Qd2 a6 11.Rad1 Rc8 12.Bb3 b5 13.a3 Rb8 14.f3 Qc7 15.Nd5 
Qd8 16.Nxf6+ Bxf6 17.Bd5 Qc7 18.Nxc6 Bxc6 19.Bxc6 Qxc6 20.Bh6 Bg7 21.Bxg7 
Kxg7 22.c3 Rfc8 23.Qd5 Qb6+ 24.Qd4+ Qxd4+ 25.Rxd4 h6 1/2-1/2

[Event "LJEM M-V 2025 u14"]
[Site "Malchow"]
[Date "2025.02.04"]
[Round "6.4"]
[White "Meyer, Markus"]
[Black "Wilke, Ronja"]
[Result "0-1"]
[WhiteElo "1011"]
[BlackElo "1571"]
[Time "14:30:00"]
[WhiteTeam "Think Rochade - SC HRO"]
[BlackTeam "SAV Torgelow-Drögeheide 90"]

1.e4 c6 2.d4 d5 3.Nc3 dxe4 4.Nxe4 Bf5 5.f3 e6 6.a3 Bxe4 7.fxe4 Qh4+ 8.g3 
Qxe4+ 9.Ne2 Qxh1 10.h3 Qe4 11.c3 Bd6 12.c4 Bxg3+ 13.Kd2 Bf4+ 14.Nxf4 Qxf4+
15.Kc3 Qd6 16.Qg4 g6 17.c5 Qd8 18.Bc4 Nf6 19.Qf3 O-O 20.Bg5 Ne4+ 21.Qxe4 
Qxg5 22.h4 Qg3+ 23.Bd3 Nd7 24.Rf1 h5 25.Rf3 Qg2 26.b4 Rae8 27.b5 e5 28.
bxc6 exd4+ 29.Qxd4 bxc6 30.Re3 Rxe3 31.Qxe3 Qd5 32.Kb4 Rb8+ 33.Kc3 Rb3+ 
34.Kc2 Qxd3+ 35.Qxd3 Rxd3 36.Kxd3 Nxc5+ 37.Kc4 Ne4 38.Kb4 f5 0-1

[Event "LJEM M-V 2025 u14"]
[Site "Malchow"]
[Date "2025.02.04"]
[Round "6.5"]
[White "Isaiev, Andrii"]
[Black "Feist, Jonas"]
[Result "1-0"]
[WhiteElo "1067"]
[BlackElo "921"]
[Time "14:30:00"]
[WhiteTeam "TuS Makkabi Rostock"]
[BlackTeam "SAV Torgelow-Drögeheide 90"]

1.d4 d5 2.Nf3 c5 3.e3 e6 4.Bb5+ Bd7 5.Bxd7+ Nxd7 6.O-O Ngf6 7.b3 Be7 8.Bb2
O-O 9.Qd3 h6 10.Nbd2 Qc7 11.h3 Qc6 12.Rfe1 Ne4 13.Ba3 Rfe8 14.c4 a6 15.
Rac1 dxc4 16.Qxc4 b5 17.Qc2 Nxd2 18.Nxd2 b4 19.Bb2 Qa4 20.Qc4 Qa5 21.Ra1 
cxd4 22.Qxd4 Bf6 23.Qxd7 Bxb2 24.Nc4 Red8 25.Qe7 Bf6 26.Qxf6 Qxa2 27.Qxg7+
Kxg7 28.Rxa2 Rd3 29.Rb1 f5 30.Ra4 Kf6 31.Rxb4 Kg5 32.Rb6 f4 33.Rxe6 fxe3 
34.Rxe3 Rxe3 35.Nxe3 Kh4 36.Rc1 h5 37.Kh2 a5 38.Rc4+ Kg5 39.Rc5+ Kh4 40.
g3# 1-0

[Event "LJEM M-V 2025 u14"]
[Site "Malchow"]
[Date "2025.02.04"]
[Round "6.6"]
[White "Vuong, Qui Long"]
[Black "Duong, Hai Dang"]
[Result "0-1"]
[WhiteElo "916"]
[BlackElo "1058"]
[Time "14:30:00"]
[WhiteTeam "TSG Neustrelitz"]
[BlackTeam "SG Eintracht Neubrandenburg"]

1.e4 e5 2.Nf3 Nc6 3.Bc4 Bc5 4.Nc3 Nf6 5.d3 a6 6.O-O d6 7.Bg5 h6 8.Bh4 Bg4 
9.h3 Bxf3 10.Qxf3 g5 11.Bg3 Nd4 12.Qd1 Qe7 13.Nd5 Nxd5 14.Bxd5 O-O-O 15.c3
Ne6 16.b4 Ba7 17.a4 c6 18.Bb3 Nc7 19.c4 Bd4 20.Ra2 b6 21.a5 b5 22.cxb5 
Nxb5 23.Rc2 Kb7 24.Qd2 h5 25.Rfc1 Rc8 26.Ba4 h4 27.Kf1 hxg3 28.fxg3 Qf6+ 
29.Ke1 g4 30.h4 Qe6 31.Qe2 f5 0-1

[Event "LJEM M-V 2025 u14"]
[Site "Malchow"]
[Date "2025.02.04"]
[Round "6.7"]
[White "Hampe, Adrian"]
[Black "Günther, Toni"]
[Result "0-1"]
[WhiteElo "882"]
[BlackElo "975"]
[Time "14:30:00"]
[WhiteTeam "Putlitzer SV 1921"]
[BlackTeam "SAV Torgelow-Drögeheide 90"]

1.g3 d5 2.d4 Nc6 3.Bg2 Nf6 4.Nf3 e6 5.Nc3 a6 6.O-O Bd6 7.b3 h6 8.Bb2 O-O 
9.e3 a5 10.a4 b6 11.Qd2 Bb4 12.Rad1 Ba6 13.Rfe1 Bxc3 14.Qxc3 Qd7 15.Ba3 
Rfd8 16.Rb1 Ne7 17.Bxe7 Qxe7 18.b4 axb4 19.Qxb4 Qxb4 20.Rxb4 Ne4 21.Rbb1 
Bc4 22.Bf1 Bxf1 23.Kxf1 Rxa4 24.Rec1 Raa8 25.Rb3 g5 26.Ne5 Nd2+ 27.Ke2 
Nxb3 28.cxb3 Rac8 29.Ng4 Kg7 30.Ne5 f6 31.Nc6 Rd7 32.b4 Ra8 33.b5 Kf7 34.
Rb1 Ra2+ 35.Kf3 g4+ 36.Kxg4 Rxf2 37.h4 Kf8 38.Re1 Rg7+ 39.Kh5 Rf5+ 40.Kxh6
Rf3 41.Nd8 Re7 42.g4 Rg3 43.g5 fxg5 44.hxg5 Re8 45.Nc6 Rf3 46.g6 Rh3+ 47.
Kg5 Kg7 48.Ne5 Rf8 49.Rc1 Rc8 50.Rc6 Rxe3 51.Rxe6 Re1 52.Re7+ Kg8 53.Kf6 
Rf1+ 54.Ke6 Rcf8 55.Rf7 R8xf7 56.gxf7+ Kg7 57.Kxd5 Rf6 58.Kc4 Rd6 59.d5 
Rd8 60.Nc6 Rd6 61.Ne5 Rf6 62.Nd3 Kxf7 63.Ne5+ Ke7 64.Nc6+ Kd6 65.Nd4 Rg6 
66.Nf5+ Ke5 67.Ne7 Rd6 68.Nc6+ Ke4 69.Nb4 Kf5 70.Na6 Rd7 71.Nb8 Rd8 72.Na6
Ke5 73.Nb4 Kd6 74.Kd4 Rg8 75.Kc3 Rg3+ 76.Kd4 Rg4+ 77.Kc3 Rxb4 78.Kxb4 Kxd5
79.Kb3 Kc5 80.Ka4 Kc4 81.Ka3 Kxb5 82.Kb3 c6 83.Kc3 Ka4 0-1

[Event "LJEM M-V 2025 u14"]
[Site "Malchow"]
[Date "2025.02.04"]
[Round "6.8"]
[White "Lipkowski, Calvin"]
[Black "Lange, Friedrich"]
[Result "0-1"]
[WhiteElo "927"]
[BlackElo "900"]
[Time "14:30:00"]
[WhiteTeam "SAV Torgelow-Drögeheide 90"]
[BlackTeam "TSG Neustrelitz"]

1.e4 e5 2.Nf3 Nc6 3.Bc4 Nf6 4.d3 Bc5 5.Nc3 Ng4 6.O-O O-O 7.Qe2 Nd4 8.Nxd4 
exd4 9.Qxg4 dxc3 10.Bh6 Bd4 11.Be3 Bxe3 12.fxe3 cxb2 13.Rab1 d5 14.Qe2 
dxc4 15.dxc4 Qe7 16.Qd3 Re8 17.Rfd1 Bg4 18.Rd2 Rad8 19.Qc3 Qxe4 20.Rxb2 
Rxd2 21.Qxd2 Qxe3+ 22.Qxe3 Rxe3 23.Rxb7 f6 24.Rxc7 Ra3 25.h3 Bf5 26.Rc5 
Bxc2 27.Rc8+ Kf7 28.c5 Rxa2 29.c6 Be4 30.c7 Rxg2+ 31.Kf1 Rc2 32.Rb8 Rxc7 
33.Rb4 Bf5 34.Rb3 a5 35.h4 Ra7 36.Rf3 g6 37.h5 a4 38.Ra3 g5 39.Kg2 h6 40.
Kg3 Be6 41.Kf3 f5 42.Kg3 f4+ 43.Kf3 Kf6 44.Kg2 g4 45.Kf2 Kg5 46.Kg2 Kxh5 
47.Kf2 Kg5 48.Kg1 h5 49.Kg2 g3 50.Kg1 h4 51.Kg2 h3+ 52.Kh1 Bd5+ 53.Kg1 h2+
54.Kf1 h1=Q+ 55.Ke2 Qe4+ 56.Kd1 Bb3+ 57.Kd2 Rd7+ 58.Kc1 Qc2# 0-1

[Event "LJEM M-V 2025 u14"]
[Site "Malchow"]
[Date "2025.02.04"]
[Round "6.9"]
[White "Lott, Konstantin"]
[Black "Zielke, Finn"]
[Result "1/2-1/2"]
[WhiteElo "1036"]
[BlackElo "769"]
[Time "14:30:00"]
[WhiteTeam "Think Rochade - SC HRO"]
[BlackTeam "SC Mecklenburger Springer"]

1.e4 e5 2.Nf3 Nc6 3.Bc4 Bc5 4.d3 Nf6 5.Bg5 d6 6.Nc3 Be6 7.Bb3 O-O 8.O-O h6
9.Bh4 g5 10.Bg3 Nh5 11.Kh1 Kh8 12.Ng1 Ng7 13.Qd2 Qf6 14.Nd5 Bxd5 15.Bxd5 
Ne7 16.b4 Bd4 17.c3 Bb6 18.Bxb7 Rab8 19.Ba6 d5 20.exd5 Nxd5 21.Rae1 Rbe8 
22.Re2 Nf5 23.Rfe1 Nxc3 24.Bxe5 Rxe5 25.Rxe5 Bd4 26.Rxf5 Qxf5 27.Nf3 Bg7 
28.h3 Rd8 29.Bc4 Ne4 1/2-1/2

[Event "LJEM M-V 2025 u14"]
[Site "Malchow"]
[Date "2025.02.05"]
[Round "7.1"]
[White "Vakeel, Eshwar"]
[Black "Isaiev, Andrii"]
[Result "1-0"]
[WhiteElo "1659"]
[BlackElo "1067"]
[Time "08:30:00"]
[WhiteTeam "Think Rochade - SC HRO"]
[BlackTeam "TuS Makkabi Rostock"]

1.d4 d5 2.c4 c6 3.Nf3 Bf5 4.Nc3 g6 5.cxd5 cxd5 6.Qb3 b6 7.Qxd5 Qxd5 8.Nxd5
Bg7 9.Nc7+ Kd8 10.Nxa8 b5 11.Bf4 1-0

[Event "LJEM M-V 2025 u14"]
[Site "Malchow"]
[Date "2025.02.05"]
[Round "7.2"]
[White "Subocz, Barbara"]
[Black "Schröder, Hannes Artur"]
[Result "1/2-1/2"]
[WhiteElo "1581"]
[BlackElo "1612"]
[Time "08:30:00"]
[WhiteTeam "SAV Torgelow-Drögeheide 90"]
[BlackTeam "SG Eintracht Neubrandenburg"]

1.e4 e5 2.Nc3 Nf6 3.f4 d6 4.Nf3 Nc6 5.Bc4 Be7 6.O-O O-O 7.d3 exf4 8.Bxf4 
Bg4 9.d4 Rc8 10.h3 Bh5 11.Qd2 Na5 12.Bd3 Nc6 13.Be3 Bg6 14.Qf2 Nb4 15.Bc4 
Bxe4 16.Bb3 Bg6 17.Nh4 Ng4 18.hxg4 Bxh4 19.Qd2 Be7 20.Ne2 Nc6 21.Nf4 Bg5 
22.Nxg6 Bxe3+ 23.Qxe3 hxg6 24.Rf3 Na5 25.Raf1 d5 26.Ba4 c6 27.Qf2 Rc7 28.
Rh3 1/2-1/2

[Event "LJEM M-V 2025 u14"]
[Site "Malchow"]
[Date "2025.02.05"]
[Round "7.3"]
[White "Wilke, Ronja"]
[Black "Gavrylyuk, Oleksandr"]
[Result "1/2-1/2"]
[WhiteElo "1571"]
[BlackElo "1634"]
[Time "08:30:00"]
[WhiteTeam "SAV Torgelow-Drögeheide 90"]
[BlackTeam "TuS Makkabi Rostock"]

1.e4 c5 2.c3 d5 3.exd5 Qxd5 4.d4 Nf6 5.Nf3 Bg4 6.Be2 e6 7.O-O Be7 8.Be3 
Nbd7 9.Nbd2 O-O 10.h3 Bh5 11.Qb3 a6 12.Rfd1 Qxb3 13.Nxb3 Rac8 14.Nbd2 Rfd8
15.Rac1 cxd4 16.cxd4 Nd5 17.Nf1 N7b6 18.Ng3 Bg6 19.Ne5 Bd6 20.Bd2 Nf6 21.
Ba5 Nfd5 22.Bf3 Rxc1 23.Rxc1 Rc8 24.Rxc8+ Nxc8 25.Bxd5 exd5 26.Nxg6 hxg6 
27.Ne2 b6 28.Bd2 Kf8 29.Bf4 Ke7 30.f3 b5 31.Nc3 Nb6 32.Bxd6+ Kxd6 33.b3 
Nd7 34.g4 Nf6 35.h4 Kc6 36.Kf2 a5 1/2-1/2

[Event "LJEM M-V 2025 u14"]
[Site "Malchow"]
[Date "2025.02.05"]
[Round "7.4"]
[White "Duong, Hai Dang"]
[Black "Briese, Sophie"]
[Result "0-1"]
[WhiteElo "1058"]
[BlackElo "1516"]
[Time "08:30:00"]
[WhiteTeam "SG Eintracht Neubrandenburg"]
[BlackTeam "SAV Torgelow-Drögeheide 90"]

1.e4 c5 2.Nf3 e6 3.d4 cxd4 4.Nxd4 a6 5.Nc3 Qc7 6.Be3 Nf6 7.Qf3 Bb4 8.Bd2 
Nc6 9.Nxc6 Qxc6 10.O-O-O b5 11.Be2 Bb7 12.a3 Ba5 13.Rhg1 Rc8 14.e5 Nd5 15.
b4 Bb6 16.Rdf1 Qc7 17.Kb2 Bd4 18.Rc1 Nxc3 19.Qd3 Nxe2+ 20.Kb1 Nxg1 21.Rxg1
Bxe5 22.g3 Bf6 23.Bf4 Qc4 24.Qd2 Bd5 25.c3 Bxc3 26.Qc2 Be4 27.Rc1 Bxc2+ 
28.Rxc2 Qb3+ 29.Kc1 Bb2+ 30.Kd2 Rxc2+ 31.Ke1 Bc3+ 32.Kf1 Qc4+ 33.Kg2 Qe4+ 
34.Kh3 Be5 35.Be3 O-O 36.a4 f5 37.axb5 axb5 38.Bc5 Rf6 39.Be7 Rh6+ 40.Bh4 
Rxh4+ 41.gxh4 Qf3# 0-1

[Event "LJEM M-V 2025 u14"]
[Site "Malchow"]
[Date "2025.02.05"]
[Round "7.5"]
[White "Jakobi, Paul Leonhard"]
[Black "Meyer, Markus"]
[Result "1-0"]
[WhiteElo "1230"]
[BlackElo "1011"]
[Time "08:30:00"]
[WhiteTeam "SF Schwerin"]
[BlackTeam "Think Rochade - SC HRO"]

1.e4 e5 2.Nf3 Nc6 3.Bc4 Bc5 4.c3 d6 5.O-O h6 6.a4 f5 7.exf5 Bxf5 8.b4 d5 
9.Bb5 Bd6 10.Re1 e4 11.Nd4 Ne7 12.Nxf5 Nxf5 13.Qh5+ Ke7 14.Qxf5 Rf8 15.Qg6
Be5 16.d3 Nxb4 17.Re2 c6 18.d4 Bf6 19.cxb4 cxb5 20.Bb2 Qc7 21.Nd2 Qc2 22.
Rb1 Qd3 23.Qg4 Bxd4 24.Bxd4 Qxd4 25.axb5 Rac8 26.g3 Kd8 27.Nf1 Qd3 28.Rbb2
Rc1 29.Qxg7 Ke8 30.Qxh6 Qf3 31.Qe6+ Kd8 32.Qxd5+ Kc8 33.Qxe4 Qh5 34.Rbc2+ 
Rxc2 35.Rxc2+ Kd8 36.Qxb7 Qf5 37.Qc7+ Ke8 38.Re2+ Qe6 39.Rxe6# 1-0

[Event "LJEM M-V 2025 u14"]
[Site "Malchow"]
[Date "2025.02.05"]
[Round "7.6"]
[White "Günther, Toni"]
[Black "Feist, Jonas"]
[Result "1-0"]
[WhiteElo "975"]
[BlackElo "921"]
[Time "08:30:00"]
[WhiteTeam "SAV Torgelow-Drögeheide 90"]
[BlackTeam "SAV Torgelow-Drögeheide 90"]

1.e4 c6 2.d4 d5 3.Nc3 dxe4 4.Nxe4 Bf5 5.Ng3 Bg6 6.h4 h6 7.h5 Bh7 8.Nf3 e6 
9.Bd3 Bxd3 10.Qxd3 Nf6 11.Ne5 Be7 12.Be3 Nbd7 13.Nxd7 Qxd7 14.c3 O-O 15.
Ne4 Rfe8 16.Nxf6+ Bxf6 17.O-O-O Qd5 18.Rdg1 Qxa2 19.g4 Qd5 20.f4 g5 21.
hxg6 Bg7 22.gxf7+ Kxf7 23.g5 hxg5 24.Rxg5 Qxh1+ 25.Kc2 Ke7 26.Rxg7+ Kd6 
27.Rxb7 Qg2+ 28.Bd2 a5 29.Qh7 Red8 30.Qc7+ Kd5 31.Qe5+ Kc4 32.Qc5# 1-0